Word Ladder: Saving Pvt. Ryan Plot Spoiler Quiz Stats

 Plays Quiz Updated Apr 25, 2012

Support Sporcle.
Go Orange.
Score 0/46 Timer 04:00
1 Play Today
Hint Word % Correct
Katy Perry songROAR
95.3%
Fly highSOAR
93.4%
✪ Quartet ✪✪ FOUR ✪
90.5%
Farm structureBARN
90.2%
BirthedBORN
89.5%
TartSOUR
89%
✪ Young men ✪✪ BOYS ✪
88.7%
MaizeCORN
88.3%
PlaythingsTOYS
87.9%
Superman's galLOIS
87.2%
WatercraftBOAT
86.8%
Abel's brotherCAIN
85.5%
'Brothers in ____'ARMS
85.4%
Penny or Tuppence, perhapsCOIN
85%
Scaly constrictorsBOAS
84.8%
Fail to hitMISS
84.4%
Beaver projectsDAMS
84.1%
Cut of meatLOIN
83.6%
Ice cream holderCONE
83.5%
VaporMIST
82.9%
✪ Majority ✪✪ MOST ✪
82.8%
FinishedDONE
81.9%
✪ Military ✪✪ ARMY ✪
81.4%
Hint Word % Correct
✪ Song by Sheeran or Presley ✪✪ DON'T ✪
81.4%
✪ Enlist ✪✪ JOIN ✪
81.1%
Turns down the lampDIMS
80.8%
Condemn to blazes?DAMN
80.3%
Fix a stockingDARN
80.2%
✪ Residence ✪✪ HOME ✪
79.4%
✪ Approach ✪✪ COME ✪
79%
Horse colorROAN
76.9%
GoalsAIMS
76.7%
✪ Private's surname ✪✪ RYAN ✪
76.4%
Prep a saladTOSS
74%
French peakMONT
73.9%
SubtractionLOSS
73.4%
Indian religious practitionerJAIN
72%
Pure blue?CYAN
68.5%
MacIntosh or DusterCOAT
67.3%
Shoot the breezeCHAT
64.9%
SnogKISS
64.7%
Crafts partner?ARTS
62.7%
Screen detective Charlie ____CHAN
61.8%
AestheticARTY
57.2%
Young foxesKITS
50.5%
River islandsAITS
43.1%

Today's Daily Dose

Missing Word
90s UK #1s

Word Ladder
Full Score

Quick Pick
Prime Books

Get the Picture
Big 4 'P' All-Stars

From the Vault

Cities in Entertainment

by DesertSpartan

Animal print sport coats should be coming back in fashion any year now.
Remove Ads.
Support Sporcle.
Get the best of Sporcle when you Go Orange. This ad-free experience offers more features, more stats, and more fun while also helping to support Sporcle. Thank you for becoming a member.

Show Comments

Extras

Top Quizzes Today


Score Distribution

Your Account Isn't Verified!

In order to create a playlist on Sporcle, you need to verify the email address you used during registration. Go to your Sporcle Settings to finish the process.

Report this User

Report this user for behavior that violates our Community Guidelines.

Details: